LEGO Star Wars UCS Sets - Statistics

General Stats
  • This quiz has been taken 1,162 times
    355 since last reset
  • The average score is 22 of 41
Answer Stats
Year Piece Count Set % Correct
2016 3,896 Death Star
94%
2025 8,850 Death Star
94%
2013 1,554 Red Five X-wing Starfighter
84%
2000 1,300 X-wing Fighter
84%
2023 1,941 X-wing Starfighter
84%
2002 3,106 Imperial Star Destroyer
80%
2019 4,776 Imperial Star Destroyer
80%
2007 5,174 Millennium Falcon
79%
2017 7,513 Millennium Falcon
79%
2015 1,681 TIE Fighter
78%
2021 6,785 AT-AT
76%
2004 1,485 Y-wing Attack Starfighter
67%
2018 1,959 Y-wing Starfighter
67%
2023 5,371 Venator-Class Republic Attack Cruiser
66%
2025 1,509 AT-ST Walker
64%
2006 1,068 Imperial AT-ST
64%
2025 2,960 Jango Fett's Firespray-Class Starship
59%
2015 1,983 Slave I
58%
2020 1,668 A-wing Starfighter
56%
2000 703 TIE Interceptor
54%
2024 1,912 TIE Interceptor
54%
2024 3,943 Jabba’s Sail Barge
49%
2022 6,171 The Razor Crest
49%
2011 3,124 Super Star Destroyer
46%
2021 3,285 Republic Gunship
45%
2022 1,883 Luke Skywalker’s Landspeeder
43%
2012 1,487 B-wing Starfighter
42%
2001 1,868 Darth Maul
42%
2002 1,075 Yoda
40%
2002 187 Naboo Starfighter
39%
2012 2,123 R2-D2
37%
2017 1,695 Snowspeeder
34%
2003 1,455 Rebel Snowspeeder
33%
2016 2,061 Assault on Hoth
32%
2005 3,447 Death Star II
32%
2014 3,195 Sandcrawler
29%
2010 2,482 Imperial Shuttle
26%
2006 1,212 Vader's TIE Advanced
25%
2010 676 Obi-Wan's Jedi Starfighter
24%
2001 1,746 Rebel Blockade Runner
24%
2008 1,085 General Grievous
15%
No matching quizzes found
Score Distribution
Percent of People with Each Score
Percentile by Number Answered
Your Score History
You have not taken this quiz since the last reset